000 00683nam a2200205Ia 4500
003 GCL
008 140319s9999 xx 000 0 ara d
040 _aGCL /
_cGCL
082 0 4 _a792.9
_bب م
100 1 _aانور لوقا
245 1 0 _aمسرح الطليعة المسرح التجريبى فى فرنسا (هدية من الاديب عبدالفتاح الجمل) /
_cانور لوقا
700 1 _aبرونسكو، ليونارد كابل
700 1 _aيوسف اسكندر
300 _a362 ص
490 _a
650 0 4 _aالمسرح
650 0 4 _aالمسرحيات التجريبية
650 0 4 _aالمسرح التجريبى - فرنسا
942 _2ddc
_cBK
999 _c40590
_d40590